Demographics of Sydney 2021 - People born overseas by region - Statistics

General Stats
  • This quiz has been taken 48 times
  • The average score is 17 of 22
Answer Stats
Country of Birth % Correct
India
100%
China
95%
Italy
93%
United Kingdom
93%
New Zealand
90%
Philippines
90%
Vietnam
90%
Indonesia
86%
South Korea
86%
Thailand
83%
Greece
81%
Ireland
76%
Bangladesh
74%
Iraq
71%
South Africa
71%
Sri Lanka
67%
Lebanon
64%
Nepal
64%
Brazil
52%
Cambodia
50%
Fiji
50%
Hong Kong
31%
No matching quizzes found
Score Distribution
Percent of People with Each Score
Percentile by Number Answered
Your Score History
You have not taken this quiz